| 000 | 00669 a2200217 4500 | ||
|---|---|---|---|
| 003 | sjds | ||
| 005 | 20240229214842.0 | ||
| 008 | 240229b |||||||| |||| 00| 0 spa d | ||
| 020 | _a9780545341851 (pbk.) | ||
| 020 | _a054534185X (pbk.) | ||
| 040 | _csjds | ||
| 041 | _aspa | ||
| 100 | 1 | 0 | _aParker, David |
| 245 |
_aPuedo cooperar! / _cDavid Parker ; ilustrado por Jill Dubin. |
||
| 260 |
_aNew York : _bScholastic, _cc2011. |
||
| 300 |
_a1 volume (unpaged) : _bcolor illustrations ; _c18 cm. |
||
| 440 | _aBest me I can be; Scholastic en espanol | ||
| 500 | _aOriginally published in English as "I can cooperate!" | ||
| 700 | _aDubin, Jill. | ||
| 942 | _cBK | ||
| 999 |
_c14884 _d14884 |
||